000 00264nam a22001217a 4500
008 181016b xxu||||| |||| 00| 0 eng d
041 _aeng
080 _a159.9
100 _a50
101 _apsi
245 _aMedical Psysiollogy
_cvernon .b.m
942 _2udc
_cBK
999 _c49850
_d49850